000
00330nam a2200133Ia 4500
008
240719s9999 xx 000 0 und d
041
_a
eng
082
_a
657 JIA
100
_a
Jiambalvo, James
245
_a
Managerial Accounting
250
_a
(7th Ed.)
260
_a
New Delhi
_b
Wiley
_c
2022
520
_a
Gifted By : IMT Faculty
999
_c
41408
_d
41408